| 000 | 00443nam a2200205Ia 4500 | ||
|---|---|---|---|
| 001 | 13305 | ||
| 003 | GE_BSU | ||
| 008 | 181216s||||||||xx |||||||||||||| ||und|| | ||
| 020 | _a9780330438896 | ||
| 040 | _cGE_BSU | ||
| 080 | _a821.111-3 | ||
| 100 | _aGrafton,Sue. | ||
| 245 | _aT is for Trespass. | ||
| 260 | _aNew York. | ||
| 260 | _bPan Books. | ||
| 260 | _c2007 | ||
| 300 | _a481p;18cm. | ||
| 653 | _aT is for Trespass. | ||
| 942 | _cBK | ||
| 999 |
_c46467 _d46467 |
||